MARC details
| 000 -LEADER |
| fixed length control field |
02507cas a2200517 a 4500 |
| 001 - CONTROL NUMBER |
| control field |
13622662 |
| 005 - DATE AND TIME OF LATEST TRANSACTION |
| control field |
20060504050405.0 |
| 008 - FIXED-LENGTH DATA ELEMENTS--GENERAL INFORMATION |
| fixed length control field |
990223c19979999dcuhr1 0 a0eng d |
| 010 ## - LIBRARY OF CONGRESS CONTROL NUMBER |
| LC control number |
sn 99038371 |
| Canceled/invalid LC control number |
00700500 |
| -- |
2003273170 |
| 020 ## - INTERNATIONAL STANDARD BOOK NUMBER |
| International Standard Book Number |
9780071498968 |
| 020 ## - INTERNATIONAL STANDARD BOOK NUMBER |
| International Standard Book Number |
0071498966 |
| 022 0# - INTERNATIONAL STANDARD SERIAL NUMBER |
| International Standard Serial Number |
1550-820X |
| 035 ## - SYSTEM CONTROL NUMBER |
| System control number |
(OCoLC)ocm40845440 |
| 037 ## - |
| -- |
International Code Council, 5203 Leesburg Pike, Suite 600, Falls Church, VA 22041-3401 |
| 040 ## - CATALOGING SOURCE |
| Original cataloging agency |
NjTAG |
| Transcribing agency |
NjTAG |
| Modifying agency |
OCl |
| -- |
MCM |
| -- |
DLC |
| -- |
NSDP |
| -- |
DLC |
| 042 ## - AUTHENTICATION CODE |
| Authentication code |
nsdp |
| -- |
lcd |
| 050 00 - LIBRARY OF CONGRESS CALL NUMBER |
| Classification number |
K3542 |
| Item number |
.I54 |
| 082 10 - DEWEY DECIMAL CLASSIFICATION NUMBER |
| Classification number |
343 |
| Edition number |
20 |
| Item number |
WOO |
| 210 0# - ABBREVIATED TITLE |
| Abbreviated title |
Int. fuel gas code |
| 222 #0 - KEY TITLE |
| Key title |
International fuel gas code |
| 245 00 - TITLE STATEMENT |
| Title |
International fuel gas code Companion : |
| Remainder of title |
Interpretation, Tactics, And Teschniques / |
| Statement of responsibility, etc |
R. Dodge Woodson. |
| 260 ## - PUBLICATION, DISTRIBUTION, ETC. (IMPRINT) |
| Place of publication, distribution, etc |
New York : |
| Name of publisher, distributor, etc |
McGraw-Hill, |
| Date of publication, distribution, etc |
c.2008. |
| 300 ## - PHYSICAL DESCRIPTION |
| Extent |
v. : |
| Other physical details |
ill. ; |
| Dimensions |
28 cm. |
| 310 ## - CURRENT PUBLICATION FREQUENCY |
| Current publication frequency |
Triennial |
| 362 0# - DATES OF PUBLICATION AND/OR SEQUENTIAL DESIGNATION |
| Dates of publication and/or sequential designation |
1997- |
| 500 ## - GENERAL NOTE |
| General note |
Published: Washington, D.C., 2000- |
| 500 ## - GENERAL NOTE |
| General note |
Latest issue consulted: 2006. |
| 550 ## - ISSUING BODY NOTE |
| Issuing body note |
Prepared by a development committee appointed by the ICC and consisting of representatives of BOCA, ICBO, SBCCI, and the gas industry. |
| 580 ## - LINKING ENTRY COMPLEXITY NOTE |
| Linking entry complexity note |
Has supplement: Supplement to the international codes, 2001; Accumulative supplement to the international codes, 2002. |
| 650 #0 - SUBJECT ADDED ENTRY--TOPICAL TERM |
| Topical term or geographic name as entry element |
Gas |
| General subdivision |
Law and legislation. |
| 9 (RLIN) |
4909 |
| 650 #0 - SUBJECT ADDED ENTRY--TOPICAL TERM |
| Topical term or geographic name as entry element |
Gas-fitting |
| General subdivision |
Law and legislation. |
| 9 (RLIN) |
4910 |
| 650 #0 - SUBJECT ADDED ENTRY--TOPICAL TERM |
| Topical term or geographic name as entry element |
Building laws. |
| 9 (RLIN) |
4911 |
| 710 2# - ADDED ENTRY--CORPORATE NAME |
| Corporate name or jurisdiction name as entry element |
American Gas Association. |
| 9 (RLIN) |
4912 |
| 710 2# - ADDED ENTRY--CORPORATE NAME |
| Corporate name or jurisdiction name as entry element |
International Code Council. |
| 9 (RLIN) |
4913 |
| 710 2# - ADDED ENTRY--CORPORATE NAME |
| Corporate name or jurisdiction name as entry element |
Building Officials and Code Administrators International. |
| 9 (RLIN) |
4914 |
| 710 2# - ADDED ENTRY--CORPORATE NAME |
| Corporate name or jurisdiction name as entry element |
International Conference of Building Officials. |
| 9 (RLIN) |
4915 |
| 710 2# - ADDED ENTRY--CORPORATE NAME |
| Corporate name or jurisdiction name as entry element |
Southern Building Code Congress International. |
| 9 (RLIN) |
4916 |
| 770 1# - SUPPLEMENT/SPECIAL ISSUE ENTRY |
| Title |
Supplement to the international codes |
| Record control number |
(DLC) 2004208749 |
| -- |
(OCoLC)47016159 |
| 770 1# - SUPPLEMENT/SPECIAL ISSUE ENTRY |
| Title |
Accumulative supplement to the international codes |
| International Standard Serial Number |
1550-0675 |
| Record control number |
(DLC) 2004208577 |
| -- |
(OCoLC)50881101 |
| 770 0# - SUPPLEMENT/SPECIAL ISSUE ENTRY |
| Title |
International fuel gas code commentary |
| International Standard Serial Number |
1550-8218 |
| Record control number |
(DLC) 2004209778 |
| -- |
(OCoLC)54980898 |
| 787 0# - NONSPECIFIC RELATIONSHIP ENTRY |
| Title |
Final action agenda for the proposed changes to the ... editions of the ... |
| Record control number |
(DLC) 2005211378 |
| -- |
(OCoLC)62162360 |
| 942 ## - ADDED ENTRY ELEMENTS (KOHA) |
| Source of classification or shelving scheme |
Dewey Decimal Classification |
| Item type |
Book - Borrowing |